000 00603nam a22002177a 4500
008 131004b xxu||||| |||| 00| 0 ger d
020 _a354010352
020 _a038710352
041 0 _ager
080 _a004.2
100 1 _aGiloi, W.K.
245 1 0 _aRechnerarchitektur /
_c W.K. Giloi
260 _aNew York ;
_aBerlin :
_bSpringer Verlag,
_c1981
300 _a380 f. :
_bme il. ;
_c20 cm
490 _aHeidelberger Taschenbucher Band 208
500 _aParathenie : f. [VII]-IX
650 0 _2Kompjutera
650 0 _aArkitektura e kompjuterëve
650 0 _aSoftuere kompjuteri
942 _2udc
_cBK
999 _c34
_d34